Nazionale italiana di calcio Mondiali 1990 - Statistics

Statistiche generali
  • Questo quiz è stato fatto 398 volte
  • Il punteggio medio è 13 su 23
Statistiche sulle risposte
Giocatore Ruolo % Corretto
7 Maldini Difensore
92%
15 Baggio Attaccante
88%
1 Zenga Portiere
85%
2 Baresi Difensore
84%
19 Schillaci Attaccante
79%
3 Bergomi Difensore
77%
21 Vialli Attaccante
75%
18 Mancini Attaccante
71%
17 Donadoni Centrocampista
63%
22 Pagliuca Portiere
63%
- Vicini Commissario Tecnico
57%
12 Tacconi Portiere
53%
9 Ancelotti Centrocampista
50%
13 Giannini Centrocampista
50%
20 Serena Attaccante
45%
6 Ferri Difensore
43%
5 Ferrara Difensore
41%
10 Berti Centrocampista
39%
16 Carnevale Attaccante
37%
11 De Napoli Centrocampista
36%
8 Vierchowod Difensore
34%
4 De Agostini Difensore
31%
14 Marocchi Centrocampista
24%
Nessun quiz corrispondente trovato
Distribuzione punteggi
Percentuale di utenti per punteggio
Percentile per numero di risposta
I tuoi punteggi nel tempo
Non hai fatto questo quiz